UBT Library

Advanced nutrition and human metabolism / (Record no. 43919)

000 -LEADER
fixed length control field 00625pam a2200229 a 4500
001 - CONTROL NUMBER
control field 1983258
005 - DATE AND TIME OF LATEST TRANSACTION
control field 20180302033309.0
008 - FIXED-LENGTH DATA ELEMENTS--GENERAL INFORMATION
fixed length control field 891103s1990 mnua b 001 0 eng c
010 ## - LIBRARY OF CONGRESS CONTROL NUMBER
LC control number 89070429
020 ## - INTERNATIONAL STANDARD BOOK NUMBER
International Standard Book Number 0314579362
040 ## - CATALOGING SOURCE
Original cataloging agency DNLM/DLC
Transcribing agency DLC
Modifying agency DLC
041 ## - LANGUAGE CODE
Language code of text/sound track or separate title eng
060 ## - NATIONAL LIBRARY OF MEDICINE CALL NUMBER
Classification number QU 145 H943a
080 ## - UNIVERSAL DECIMAL CLASSIFICATION NUMBER
Universal Decimal Classification number 612.3 HUN
082 00 - DEWEY DECIMAL CLASSIFICATION NUMBER
Classification number 612.3 HUN
Edition number 20
100 1# - Rafti
Rafti 10
101 ## - Shkurtesa
Shkurtesa NUT
245 10 - TITLE STATEMENT
Title Advanced nutrition and human metabolism /
Statement of responsibility, etc Sara M. Hunt, James L. Groff.
504 ## - BIBLIOGRAPHY, ETC. NOTE
Bibliography, etc Includes bibliographical references and index.
906 ## - LOCAL DATA ELEMENT F, LDF (RLIN)
a 7
b cbc
c orignew
d 1
e opcn
f 19
g y-gencatlg
942 ## - ADDED ENTRY ELEMENTS (KOHA)
Source of classification or shelving scheme
Item type Books
Holdings
Withdrawn status Lost status Source of classification or shelving scheme Damaged status Not for loan Collection code Permanent location Current location Shelving location Date acquired Total Checkouts Full call number Barcode Date last seen Price effective from Koha item type
          Koleksioni i përgjithshem UBT - Lipjan UBT - Lipjan Koleksioni i përgjithshem 03/02/2018   612.3 HUN 002-3000511 03/02/2018 03/02/2018 Books
UBT Library © 2015-2024. All rights reserved University Education for Business and Technology